000 00311nam a2200133Ia 4500
005 20260328101510.0
008 260328s9999||||xx |||||||||||||| ||und||
100 _aCresti, Carlo
245 0 _aLe Corbusier /
_cCarlo Cresti
260 _bEdiciones Nauta
300 _a95 p.
650 _aARQUITECTOS
942 _cBK
999 _c9162
_d9162